002150000a220007300045001000025000002450051000253000042000767730023001181 aBonilla A., Plutarco10aSemblanza de una amistad a lo largo del camino aVol. 7, Num 1 y 2 (1987), Páginas 80 tVida y pensamiento